Commonsense methods for children with special educational needs.

Bewaard in:
Bibliografische gegevens
Hoofdauteur: Westwood, Peter
Formaat: Boek
Taal:Engels
Gepubliceerd in: Routledge. 2011.
Tags: Voeg label toe
Geen labels, Wees de eerste die dit record labelt!

MARC

LEADER 00000nam a22000007a 4500
008 211101b ||||| |||| 00| 0 eng d
020 |a 9780415583756 
100 |a Westwood, Peter. 
245 |a Commonsense methods for children with special educational needs.  |c Peter Westwood  |g xi, 224 p. 
250 |b 6th edition. 
260 |b Routledge.  |c 2011.  |d Book.  |h New York.  |i 679902  |i 679903  |l LC4015.W52.  |m Children with disabilities--Education.  |m Mainstreaming in education.  |m Special education. 
500 |a Includes bibliographical references and index. 
942 |a lcc  |c BK  |e Olagoke,M.A.  |f 01/11/2021 
952 |0 0  |1 0  |2 lcc  |4 0  |7 0  |9 3793  |a HOL  |b HOL  |c LP  |d 2021-11-01  |o LC4015.W52  |p 2021-67525  |r 2021-11-01 00:00:00  |t 679902  |w 2021-11-01  |y BK 
952 |0 0  |1 0  |2 lcc  |4 0  |7 0  |9 3794  |a HOL  |b HOL  |c LP  |d 2021-11-01  |o LC4015.W52  |p 2021-67526  |r 2021-11-01 00:00:00  |t 679903  |w 2021-11-01  |y BK 
999 |c 1893  |d 1893